000 00579nam a22001817a 4500
003 CEME
005 20210628203950.0
008 210105b xxu||||| |||| 00| 0 eng d
020 _a9783843364522
040 _c.
082 _a629.892 SOL
100 _aSolea, Razvan, Razvan Solea
_968060
245 _aSliding mode control applied in mobile robots and autonomous vehicles, trajectory-tracking control problem
260 _aUSA
_bLAMBERT
_c2010
300 _a130P
650 _aSLIDING MODE CONTROL APPLIED IN MOBILE ROBOTS AND AUTONOMOUS VEHICLES
_968061
942 _cBK
_2ddc
999 _c575717
_d575717